| 000 | 01516nam a2200241Ia 4500 | ||
|---|---|---|---|
| 999 |
_c34942 _d34942 |
||
| 001 | 771 | ||
| 003 | GE_BSU | ||
| 005 | 20210223141517.0 | ||
| 008 | 181216s2007||||ge |||||||||||||| ||geo|| | ||
| 040 | _cGE_BSU | ||
| 041 | _ageo | ||
| 080 | _a373.6 პ–91 | ||
| 245 |
_aპროფორიენტააციის მეთოდური საფუძვლები : _b[კრებული]. ნაწ. 1 / _cმიგრაციის საერთაშ. ორგანიზაცია, დასაქმებაზე ინფორმაციის, კონსულტაციისა და მიმართვის ცენტრი. |
||
| 264 |
_aთბილისი : _b(შპს "იუ-სი-ემ"-ის სტ.), _c2007. |
||
| 300 |
_a209 გვ. _bცხრ., ილ. _c 28 სმ. |
||
| 653 | _aპროფორიენტაცია | ||
| 653 | _aმეთოდური მითითებები | ||
| 700 |
_aბახუტაშვილი, ნინო _eშემდგენელი _910199 |
||
| 700 |
_aანთაძე, ც. _eშემდგენელი _94064 |
||
| 700 |
_aქირია, გივი _eრედაქტორი _910198 |
||
| 700 |
_a მიგრაციის საერთაშ. ორგანიზაცია; დასაქმებაზე ინფორმაციის, კონსულტაციისა და მიმართვის ცენტრი _910201 |
||
| 942 |
_cBK _2udc |
||